Pokemon with alternate forms - Statistics

General Stats
  • This quiz has been taken 101 times
  • The average score is 54 of 149
Answer Stats
Forms Types Region Answer % Correct
Mega Evolution (X) Fire Dragon Kanto Charizard
96%
Mega Evolution Grass Poison Kanto Venusaur
96%
Mega Evolution (Y) Fire Flying Kanto Blastoise
92%
Mega Evolution Water Kanto Blastoise
92%
Mega Evolution Ghost Poison Kanto Gengar
87%
Mega Evolution (X) Psychic Fighting Kanto Mewtwo
87%
Mega Evolution (Y) Psychic Kanto Mewtwo
87%
Mega Evolution Psychic Kanto Alakazam
81%
Mega Evolution Bug Fighting Johto Heracross
77%
Mega Evolution Bug Poison Kanto Beedrill
75%
Mega Evolution Rock Flying Kanto Aerodactyl
74%
Mega Evolution Normal Kanto Kangaskhan
74%
Mega Evolution Bug Flying Kanto Pinsir
74%
Mega Evolution Electric Dragon Johto Ampharos
72%
Mega Evolution Psychic Fairy Hoenn Gardevoir
70%
Mega Evolution Normal Flying Kanto Pidgeot
70%
Mega Evolution Dark Fire Johto Houndoom
68%
Mega Evolution Fighting Psychic Hoenn Medicham
68%
Mega Evolution Bug Steel Johto Scizor
68%
Mega Evolution Fire Fighting Hoenn Blaziken
66%
Mega Evolution Water Flying Kanto Gyarados
66%
Mega Evolution Dragon Flying Hoenn Rayquaza
66%
Mega Evolution Grass Dragon Hoenn Sceptile
66%
Mega Evolution Fighting Steel Sinnoh Lucario
64%
Mega Evolution Steel Ground Johto Steelix
64%
Mega Evolution Water Ground Hoenn Swampert
64%
Mega Evolution Rock Dark Johto Tyranitar
64%
Mega Evolution Water Psychic Kanto Slowbro
62%
Galarian Form Poison Psychic Kanto Slowbro
62%
Mega Evolution Dragon Fairy Hoenn Altaria
60%
Mega Evolution Rock Fairy Kalos Diancie
60%
Mega Evolution Psychic Fighting Sinnoh Gallade
60%
Mega Evolution Dragon Ground Sinnoh Garchomp
60%
Mega Evolution Electric Hoenn Manectric
60%
Mega Evolution Steel Fairy Hoenn Mawile
60%
Mega Evolution Dragon Flying Hoenn Salamence
60%
Mega Evolution Grass Ice Sinnoh Abomasnow
58%
Mega Evolution Ice Hoenn Glalie
58%
Mega Evolution Dragon Psychic Hoenn Latias
58%
Mega Evolution Dragon Psychic Hoenn Latios
58%
Mega Evolution Normal Fairy Unova Audino
57%
Mega Evolution Ghost Hoenn Banette
57%
Mega Evolution Fire Ground Hoenn Camerupt
57%
Mega Evolution Steel Psychic Hoenn Metagross
57%
Alolan Form Electric Psychic Kanto Raichu
57%
Mega Evolution Steel Hoenn Aggron
55%
Alolan Form Rock Electric Kanto Golem
55%
Mega Evolution Dark Ghost Hoenn Sableye
55%
Mega Evolution Water Dark Hoenn Sharpedo
55%
Mega Evolution Dark Hoenn Absol
53%
Alolan Form Dark Normal Kanto Rattata
53%
Alolan Form Dark Kanto Meowth
51%
Galarian Form Steel Kanto Meowth
51%
Alolan Form Ice Fairy Kanto Ninetales
51%
Alolan Form Dark Normal Kanto Raticate
51%
Alolan Form Rock Electric Kanto Geodude
49%
Alolan Form Rock Electric Kanto Graveler
49%
Alolan Form Ice Steel Kanto Sandshrew
49%
Alolan Form Ice Steel Kanto Sandslash
49%
Alolan Form Ice Kanto Vulpix
49%
Mega Evolution Normal Fighting Sinnoh Lopunny
47%
Alolan Form Dark Kanto Persian
47%
Alolan Form Ground Steel Kanto Diglett
43%
Alolan Form Ground Steel Kanto Dugtrio
42%
Primal Ground Fire Hoenn Groudon
42%
Primal Water Hoenn Kyogre
40%
Alolan Form Poison Dark Kanto Muk
38%
Alolan Form Poison Dark Kanto Grimer
36%
Alolan Form Fire Ghost Kanto Marowak
36%
Alolan Form Grass Dragon Kanto Exeggutor
34%
Galarian Form Psychic Kanto Slowpoke
30%
Galarian Form Dark Flying Kanto Moltres
28%
Galarian Form Psychic Kanto Ponyta
28%
Galarian Form Psychic Fairy Kanto Rapidash
28%
Galarian Form Psychic Flying Kanto Articuno
26%
Cosplay Electric Kanto Pikachu
26%
Wearing a Cap Electric Kanto Pikachu
26%
Galarian Form Fighting Flying Kanto Zapdos
26%
Galarian Form Fighting Kanto Farfetch'd
25%
Galarian Form Ice Psychic Kanto Mr. Mime
25%
Type as Plate or Z-Crystal All Sinnoh Arceus
23%
Sunny, Rainy and Snowy Normal Hoenn Castform
23%
Galarian Form Ice Unova Darmanitan
23%
Normal and Zen Mode Fire Psychic Unova Darmanitan
23%
Altered and Origin Ghost Dragon Sinnoh Giratina
23%
Attack, Defense and Speed Psychic Hoenn Deoxys
21%
Spiky-eared Electric Johto Pichu
21%
Household Appliances Electric Several Sinnoh Rotom
21%
Land and Sky Grass Flying Sinnoh Shaymin
21%
Aria and Pirouette Normal Several Unova Meloetta
19%
Alphabet (28 forms) Psychic Johto Unown
19%
Galarian Form Poison Fairy Kanto Weezing
19%
Galarian Form Dark Normal Hoenn Zigzagoon
19%
Plant, Sandy and Trask Cloak Bug Sinnoh Burmy
17%
Galarian Form Ghost Johto Corsola
17%
5 different flowers Fairy Kalos Flabebé
17%
5 different flowers Fairy Kalos Florges
17%
Normal, White and Black Dragon Ice Unova Kyurem
17%
Overdive mode Dragon Ice Unova Kyurem
17%
Galarian Form Dark Normal Hoenn Linoone
17%
Galarian Form Ground Steel Unova Stunfisk
17%
Plant, Sandy and Trask Cloak Bug Several Sinnoh Wormadam
17%
Galarian Form Ice Unova Darumaka
15%
Ordinary and Resolute Water Fighting Unova Keldeo
15%
18 patterns in wings Bug Flying Kalos Vivillon
15%
Red-Striped or Blue-Striped Water Unova Basculin
13%
Overcast and Sunshire Grass Sinnoh Cherrim
13%
Spring, Summer, Fall and Winter Normal Grass Unova Deerling
13%
5 different flowers Fairy Kalos Floette
13%
West Sea and East Sea Water Ground Sinnoh Gastrodon
13%
Type of Drive Bug Steel Unova Genesect
13%
Normal and Ash Water Dark Kalos Greninja
13%
West Sea and East Sea Water Sinnoh Shellos
13%
Incarnate and Therian Flying Unova Tornadus
13%
Incarnate and Therian Ground Flying Unova Landorus
11%
Spring, Summer, Fall and Winter Normal Grass Unova Sawsbuck
11%
Incarnate and Therian Electric Flying Unova Thundurus
11%
Galarian Form Ground Ghost Unova Yamask
11%
Groomed into different trims Normal Kalos Furfrou
9%
Confined and Unbound Psychic Several Kalos Hoopa
9%
Midday, Midnight, Dusk Rock Alola Lycanroc
9%
Gloomdweller and Zenith Fighting Ghost Alola Marshadow
9%
Style depending on island Several Flying Alola Oricorio
9%
Overdrive mode Dragon Fire Unova Reshiram
9%
Type of memory All Alola Silvally
9%
Overdrive mode Dragon Electric Unova Zekrom
9%
Combinations of Cream and Sweet Fairy Galar Alcremie
8%
Eternamax Poison Dragon Galar Eternatus
8%
Full Moon Psychic Ghost Alola Lunala
8%
Disguised and Busted Ghost Fairy Alola Mimikyu
8%
Meteor and core Rock Flying Alola Minior
8%
Dusk Mane, Dawng Wings, Ultra Psychic Several Alola Necrozma
8%
Radiant Sun Psychic Steel Alola Solgaleo
8%
Solo and School Water Alola Wishiwashi
8%
Cell, Core, 10%, 50%, Complete Dragon Ground Kalos Zygarde
8%
Shield and Blade Steel Ghost Kalos Aegislash
6%
Gulping and Gorging Flying Water Galar Cramorant
6%
Small, Average, Large, Super Size Ghost Grass Kalos Gourgeist
6%
Normal and Original Color Steel Fairy Alola Magearna
6%
Phony and Antique Ghost Galar Polteageist
6%
Small, Average, Large, Super Size Ghost Grass Kalos Pumpkaboo
6%
Phony and Antique Ghost Galar Sinistea
6%
Single Strike and Rapid Strike Fighting Several Galar Urshifu
6%
Neutral and Active Fairy Kalos Xerneas
6%
Hero of Many Battles and Crowned Fairy Steel Galar Zacian
6%
Hero of Many Battles and Crowned Fighting Steel Galar Zamazenta
6%
Ice Face and Noice face Ice Galar Eiscue
4%
Full Belly and Angry Electric Dark Galar Morpeko
4%
Amped and Low Key Electric Poison Galar Toxitricity
2%
No matching quizzes found
Score Distribution
Percent of People with Each Score
Percentile by Number Answered
Your Score History
You have not taken this quiz